书目信息 |
| 题名: |
成功营销 国际知名品牌在中国
|
|
| 作者: | 杨明刚 编著 | |
| 分册: | ||
| 出版信息: | 上海 华东理工大学出版社 2002.09 |
|
| 页数: | 418页 | |
| 开本: | 23cm | |
| 丛书名: | ||
| 单 册: | ||
| 中图分类: | F279.1 | |
| 科图分类: | ||
| 主题词: | 企业经济 | |
| 电子资源: | ||
| ISBN: | 7-5628-1278-0 | |
| 000 | 00597nam0 2200193 45 | |
| 001 | 0460031786 | |
| 005 | 2004051216403136 | |
| 010 | @a7-5628-1278-0@dCNY 36.00 | |
| 100 | @a20040512d2002 km y0chiy0120 ea | |
| 101 | 0 | @achi |
| 102 | @aCN@b310000 | |
| 200 | 1 | @a成功营销 国际知名品牌在中国@ACheng Gong Ying Xiao Guo Ji Zhi Ming Pin Pai Zai Zhong Guo@f杨明刚编著@FYang Ming Gang Bian Zhu |
| 210 | @a上海@c华东理工大学出版社@d2002.09 | |
| 215 | @a418页@d23cm | |
| 606 | 0 | @a企业经济 |
| 690 | @aF279.1@v4 | |
| 701 | 0 | @a杨明刚@AYang Ming Gang@4编著 |
| 801 | 0 | @aCN@bPFT@c20040512 |
| 905 | @dF279.1@eY231 | |
| 成功营销 国际知名品牌在中国/杨明刚编著.-上海:华东理工大学出版社,2002.09 |
| 418页;23cm |
| ISBN 7-5628-1278-0:CNY 36.00 |
| ● |
| 相关链接 |
|
|
|
正题名:成功营销 国际知名品牌在中国
索取号:F279.1/Y231
 
预约/预借
| 序号 | 登录号 | 条形码 | 馆藏地/架位号 | 状态 | 备注 |
| 1 | 397733 | 203977330 | 管理学院资料室/ [索取号:F279.1/Y231] | 在馆 | |
| 2 | 397734 | 203977349 | 社科库409/409社科库 97排2列5层/ [索取号:F279.1/Y231] | 在馆 |